000
00302nam a2200121Ia 4500
008
150731s2014 xx 000 0 und d
082
_a
616.5
_b
A 14 A
100
_a
OCSHA,VICHAR
245
_a
AYURVEDAY TAVCHA ROG VIGYAN
260
_b
CHAUKHAMBHA PUB. NEW DELHI
_c
2014
300
_a
141
942
_2
ddc
_c
BK
999
_c
7727
_d
7727